Electromagnetic spectrum - Statistics

General Stats
  • This quiz has been taken 44 times
  • The average score is 13 of 17
Answer Stats
HINT Regions of the spectrum % Correct
1 Blue
100%
2 Green
100%
4 Orange
100%
5 Red
100%
7 Yellow
100%
6 Violet
92%
3 Indigo
90%
6 Ultraviolet
85%
1 Gamma
82%
2 Infrared
82%
4 Radio
82%
7 Visible
79%
8 X-Ray
77%
3 Microwave
72%
Sort them! 5472136
69%
Sort them! 18672534
23%
5 Terahertz
13%
No matching quizzes found
Score Distribution
Percent of People with Each Score
Percentile by Number Answered
Your Score History
You have not taken this quiz